GIS Implementation for Water and Wastewater Treatment Facilities / (Record no. 6840)

MARC details
000 -LEADER
fixed length control field 01596nac a22003131u 4500
008 - FIXED-LENGTH DATA ELEMENTS--GENERAL INFORMATION
fixed length control field 080806t xxu||||| |||| 00| 0 eng d
010 ## - LIBRARY OF CONGRESS CONTROL NUMBER
LC control number 2004061622
020 ## - INTERNATIONAL STANDARD BOOK NUMBER
International Standard Book Number 0071453059 (acid-free paper)
082 00 - DEWEY DECIMAL CLASSIFICATION NUMBER
Classification number 628.1
Item number GIS
100 ## - MAIN ENTRY--PERSONAL NAME
Personal name 20080729
9 (RLIN) 19257
110 ## - MAIN ENTRY--CORPORATE NAME
Corporate name or jurisdiction name as entry element Water Environment federation
9 (RLIN) 19258
245 00 - TITLE STATEMENT
Title GIS Implementation for Water and Wastewater Treatment Facilities /
Statement of responsibility, etc Water Environment Federation.
260 ## - PUBLICATION, DISTRIBUTION, ETC. (IMPRINT)
Place of publication, distribution, etc New York :
Name of publisher, distributor, etc McGraw-Hill,2005
Date of publication, distribution, etc c2005.
300 ## - PHYSICAL DESCRIPTION
Extent xxii, 242 p. :
Other physical details ill. ;
Dimensions 25 cm.
490 1# - Series Statement
Series statement WEF manual of practice ;
Volume/sequential designation no. 26
-- 19259
500 ## - GENERAL NOTE
General note Prepared by Implementing Geographic Information Systems Task Force of the Water Environment Federation.
504 ## - BIBLIOGRAPHY, ETC. NOTE
Bibliography, etc Includes bibliographical references and index.
511 ## - PARTICIPANT OR PERFORMER NOTE
Participant or performer note catalogued by: wessam
650 #0 - SUBJECT ADDED ENTRY--TOPICAL TERM
Topical term or geographic name as entry element Water treatment plants.
9 (RLIN) 19260
650 #0 - SUBJECT ADDED ENTRY--TOPICAL TERM
Topical term or geographic name as entry element Sewage disposal plants.
9 (RLIN) 19261
650 #0 - SUBJECT ADDED ENTRY--TOPICAL TERM
Topical term or geographic name as entry element Geographic information systems.
9 (RLIN) 19262
710 2# - ADDED ENTRY--CORPORATE NAME
Corporate name or jurisdiction name as entry element Water Environment Federation.
Subordinate unit Implementing Geographic Information Systems Task Force.
9 (RLIN) 19263
830 #0 - SERIES ADDED ENTRY--UNIFORM TITLE
Uniform title Manual of practice ;
9 (RLIN) 19264
856 42 - ELECTRONIC LOCATION AND ACCESS
Materials specified Publisher description
Uniform Resource Identifier <a href="http://www.loc.gov/catdir/description/mh051/2004061622.html">http://www.loc.gov/catdir/description/mh051/2004061622.html</a>
856 42 - ELECTRONIC LOCATION AND ACCESS
Materials specified Contributor biographical information
Uniform Resource Identifier <a href="http://www.loc.gov/catdir/bios/mh051/2004061622.html">http://www.loc.gov/catdir/bios/mh051/2004061622.html</a>
856 42 - ELECTRONIC LOCATION AND ACCESS
Materials specified Table of contents
Uniform Resource Identifier <a href="http://www.loc.gov/catdir/toc/mh051/2004061622.html">http://www.loc.gov/catdir/toc/mh051/2004061622.html</a>
942 ## - ADDED ENTRY ELEMENTS (KOHA)
Item type Book - Borrowing
Call number prefix 628.1 GIS
Source of classification or shelving scheme Dewey Decimal Classification
Holdings
Withdrawn status Item status Damaged status Not for loan Home library Current library Shelving location Date acquired Source of acquisition Total Checkouts Full call number Barcode Date last seen Date last borrowed Koha item type
        Central Library Central Library First floor 09/12/2007 Purchase 2 628.1 GIS 000008210 15/07/2025 18/12/2013 Book - Borrowing